| 000 | 00820nam a2200253 a 4500 | ||
|---|---|---|---|
| 001 | 40757 | ||
| 003 | BD-RjUL | ||
| 005 | 20211209053256.0 | ||
| 008 | 160509s1984 coub b 001 0 eng | ||
| 020 | _a0865318522 (pbk.) | ||
| 035 | _a(BD-RjUL) 40872 | ||
| 040 |
_aDLC _cDLC _dDLC _dBD-RjUL _beng |
||
| 041 | _aeng | ||
| 082 | 0 | 0 |
_a988.103 _223 _bSPP 1984 |
| 100 | 1 |
_aSpinner, Thomas J. _9125415 |
|
| 245 | 1 | 2 |
_aA political and social history of Guyana, 1945-1983 / _cThomas J. Spinner, Jr. |
| 250 | _aA Westview replica ed. | ||
| 260 |
_aBoulder : _bWestview Press, _c1984. |
||
| 300 |
_axv, 244 p. : _bmaps ; _c23 cm. |
||
| 504 | _aIncludes bibliographies and index. | ||
| 651 | 0 |
_aGuyana _xPolitics and government _y1803-1966. _9125416 |
|
| 651 | 0 |
_aGuyana _xPolitics and government _y1966- _9125417 |
|
| 942 |
_2ddc _cBK |
||
| 999 |
_c40757 _d40757 |
||